000
00307nam a22001337a 4500
020
_a
1-58279-116-3
082
_a
641
_b
TPI
100
_a
TPI
245
_a
APPETISING HOR'S D' OEUVSS
260
_a
USA
_b
TRIDINT PRESS PUBLISHER
_c
2015
650
_a
HOTEL MANAGEMENT
653
_a
APPETISING
942
_2
ddc
_c
BK
999
_c
8070
_d
8070